[Event "XLIII Sevilla Open 2018"]
[Site "Sevilla"]
[Date "2018.01.20"]
[Round "9"]
[White "Gleizerov, Evgeny"]
[Black "Bjerre, Jonas Buhl"]
[Result "1-0"]
[WhiteElo "2509"]
[BlackElo "2367"]
[Annotator "TA"]
[PlyCount "65"]
[EventDate "2018.??.??"]
[EventType "swiss"]
[EventCountry "ESP"]
[SourceTitle "playchess.com"]
[Source "ChessBase"]
[SourceQuality "1"]

{[%evp 25,65,22,28,12,31,6,20,33,17,22,0,0,0,0,117,118,126,113,129,134,173,159,339,339,311,336,316,318,418,408,418,418,413,365,877,878,777,593,972,-594,959,985]} 1. d4 Nf6 2. c4 e6 3. g3 c5 4. d5 exd5 5. cxd5 d6 6. Nc3 g6 7. Nf3 Bg7 8. Bg2 O-O 9. O-O a6 10. a4 Re8 11. Bf4 Nh5 12. Bg5 Qc7 13. Rc1 Nd7 14. b4 {A62: Modern Benoni: Fianchetto Variation without early ...Nbd7} cxb4 (14... b6 15. Qd2 Bb7 16. Bh6 Bh8 17. h3 Rac8 18. b5 Nhf6 19. Ng5 axb5 20. Nxb5 Qb8 21. Qf4 Re5 {½-½ (46) Gupta,A (2662)-Wojtaszek,R (2734) New Delhi 2012}) 15. Nb5 $1 {[%cal Rb5c7]} Qxc1 $1 16. Bxc1 {The position is equal.} axb5 17. axb5 Nc5 18. Nd2 $146 {[%cal Bf3d2,Bd2c4,Bc4d6][%mdl 32] Hoping for Nc4.} ({Predecessor:} 18. Be3 Ra2 19. Nd4 Bg4 20. Bf3 Nf6 21. Qb1 Ra4 {1-0 (34) Simek,P (2392)-Borkovec,M (2208) Czechia 2014}) 18... Bd7 19. Nc4 $36 {[%mdl 2048] White fights for an advantage.} Bxb5 (19... Ra1 $1 $11 {keeps the balance.}) 20. Nxd6 $16 Bxe2 21. Qc2 Bxf1 22. Nxe8 ({But not} 22. Kxf1 $6 Ra1 $15) 22... Rxe8 23. Qxc5 ({Resist} 23. Kxf1 $6 b6 $14) 23... Ba6 $2 {[#]} (23... Bf8 $16 {might work better.} 24. Qd4 Bb5) 24. Qxb4 $18 Bf8 25. Qc3 Bg7 26. Qa5 Bd4 27. Bf1 Nf6 28. Bxa6 bxa6 29. d6 {[%cal Bd5d6,Bd6d7][%mdl 32]} Re2 $2 (29... Be5 30. Bg5 Kg7 31. Bxf6+ (31. Qxa6 Re6 $18) 31... Bxf6 32. Qxa6 Re1+ 33. Kg2 Re4) 30. Bh6 {Intending Qd8+ and mate.} Re8 31. Qa4 {White threatens Qxe8+! and mate.} Bc5 {[#]} 32. Qxe8+ $1 {[%mdl 512]} Nxe8 33. d7 {Precision: White = 89%, Black = 37%.} 1-0

[Event "XLIII Sevilla Open 2018"]
[Site "Sevilla"]
[Date "2018.01.20"]
[Round "9"]
[White "Matamoros Franco, Carlos S."]
[Black "Carrasco Martinez, Juan M."]
[Result "1-0"]
[WhiteElo "2484"]
[BlackElo "2373"]
[Annotator "TA"]
[PlyCount "87"]
[EventDate "2018.??.??"]
[EventType "swiss"]
[EventCountry "ESP"]
[SourceTitle "playchess.com"]
[Source "ChessBase"]
[SourceQuality "1"]

{[%evp 21,87,66,72,41,38,36,39,25,57,31,58,59,64,41,105,73,68,33,80,70,72,68,125,117,134,126,127,119,145,122,124,124,120,132,130,111,143,145,167,165,151,147,145,139,177,156,168,168,169,151,170,170,163,158,195,155,163,168,226,172,285,276,344,348,355,320,422,404]} 1. Nf3 Nf6 2. c4 c5 3. Nc3 e6 4. g3 b6 5. Bg2 Bb7 6. O-O Be7 7. b3 d6 8. Bb2 a6 9. e3 O-O 10. d4 Qc7 {A30: Symmetrical English: Double Fianchetto and Hedgehog} (10... Ne4 11. d5 Nxc3 12. Bxc3 exd5 13. Ne1 Bf6 14. Bxf6 Qxf6 15. Rc1 Qf5 16. Nd3 Nd7 17. Nf4 Nf6 18. Re1 {0-1 (31) Kramnik,V (2785)-Carlsen,M (2815) Monte Carlo 2011}) 11. d5 exd5 {LiveBook: 4 Games} 12. Nxd5 Nxd5 {White is slightly better.} 13. cxd5 Nd7 14. e4 Rad8 $146 ({Find the theoretical novelty and annotate with similar games:} 14... Bf6 15. Bxf6 Nxf6 16. Nd2 b5 17. Qc2 Rfe8 18. Rfe1 {0-1 (47) Linnert,P (2012)-Mandekic,I (2267) Latschach 2012}) 15. Rc1 Qb8 16. Re1 Rfe8 17. Qd2 Ne5 (17... Bf6 $14) 18. b4 cxb4 19. Qxb4 {And now Nxe5 would win.} b5 20. Nxe5 dxe5 21. Qa5 Bd6 ({Black should try} 21... Qd6 $14) 22. Ba3 $16 Re7 23. Bxd6 Qxd6 24. Rc2 g6 25. Rec1 f5 26. a4 bxa4 27. Qxa4 fxe4 28. Bxe4 Kg7 29. Qa5 Rdd7 30. h4 Rf7 31. Rc5 Qf6 32. Qd2 Rd6 33. Rc7 Rdd7 34. Rxd7 Rxd7 35. Qa5 Qd6 36. Rc2 Rf7 37. Kh2 Rd7 38. Rb2 Qf6 39. Qc5 Qd8 (39... Qf8 {was called for.} 40. Qa5 Qf7) 40. Rd2 Rd6 (40... h6 $142 41. f3 Kf7) 41. Qc3 $18 Rf6 42. Qxe5 Qd6 43. f4 a5 44. Rc2 {Precision: White = 75%, Black = 25%.} 1-0

[Event "XLIII Sevilla Open 2018"]
[Site "Sevilla"]
[Date "2018.01.20"]
[Round "9"]
[White "Anurag, Mhamal"]
[Black "Pap, Misa"]
[Result "1/2-1/2"]
[WhiteElo "2472"]
[BlackElo "2491"]
[Annotator "TA"]
[PlyCount "119"]
[EventDate "2018.??.??"]
[EventType "swiss"]
[EventCountry "ESP"]
[SourceTitle "playchess.com"]
[Source "ChessBase"]
[SourceQuality "1"]

{[%evp 10,119,25,18,27,30,35,19,19,11,7,-12,15,15,5,10,21,23,42,41,37,39,25,0,25,25,22,22,24,17,43,47,36,8,8,6,6,7,7,7,7,7,7,7,7,12,18,7,7,0,0,0,0,0,0,0,0,0,0,0,0,0,0,0,0,0,0,0,0,0,0,0,0,0,0,0,0,0,0,0,0,0,0,0,0,0,0,0,0,0,0,0,0,0,0,0,0,0,0,0,0,0,0,0,0,0,0,0,0,0,0,0]} 1. e4 c5 2. Nf3 Nc6 3. Bb5 g6 4. Bxc6 dxc6 5. d3 Bg7 6. h3 b6 {B31: Sicilian: 2...Nc6 3 Bb5 g6} (6... Nf6 7. Nc3 O-O 8. Be3 c4 9. O-O cxd3 10. cxd3 b6 11. d4 Nd7 12. Qd2 Re8 13. Rfd1 Bb7 14. Bh6 Bh8 15. Qf4 e5 16. dxe5 {1-0 (52) Onischuk,V (2637)-Mamedov,R (2709) Riadh 2017}) 7. O-O e5 8. a4 a5 9. Bd2 f6 10. Nc3 $146 {[%cal Bb1c3,Bc3e2,Be2f4][%mdl 32]} ({Predecessor:} 10. Qc1 Be6 11. Nc3 Ne7 12. Bh6 O-O 13. Bxg7 Kxg7 14. Qe3 {½-½ (43) Lu,S (2473)-Cao,S (2547) Mashhad 2011}) 10... Nh6 11. Ne2 Nf7 12. Bc3 O-O 13. Nd2 Qc7 14. f4 exf4 15. Nxf4 Ne5 16. Nf3 Bd7 17. Nxe5 fxe5 18. Ne2 Be6 19. b3 Qe7 20. Qd2 Qh4 {[#] ...Bh6 is the strong threat.} 21. Qe3 Bh6 {The position is equal.} 22. Qg3 Qxg3 23. Nxg3 Be3+ 24. Kh1 Bd4 25. Ne2 Rxf1+ 26. Rxf1 Bxc3 27. Nxc3 Rf8 28. Rxf8+ Kxf8 $11 {[%mdl 4096] Endgame KB-KN} 29. Kh2 Ke7 30. Kg3 Kf6 31. Kh4 Bf7 32. Nd1 b5 33. c4 b4 34. Ne3 {[#] Threatens to win with Ng4+.} g5+ 35. Kg3 h5 36. Nf5 Ke6 37. Kf3 Bg6 38. Ne3 Kf6 39. g3 Ke6 40. Ng2 Kf6 41. Ne1 Bf7 42. Kf2 Be6 43. Kg2 Bc8 44. Kh2 Be6 45. Nc2 Bc8 46. Ne3 g4 47. h4 Be6 48. Kg2 Bd7 49. Kf2 Be6 50. Ke2 Bd7 51. Kd2 Be6 52. Nd1 Bc8 53. Nf2 Ke6 54. Nd1 Kf6 55. Ke2 Ke6 56. Ke1 Kf6 57. Kd2 Ke6 58. Ne3 Kf6 59. Nc2 Ke6 60. Ne3 {Precision: White = 75%, Black = 79%.} 1/2-1/2

[Event "XLIII Sevilla Open 2018"]
[Site "Sevilla"]
[Date "2018.01.20"]
[Round "9"]
[White "Larino Nieto, David"]
[Black "Schoorl, Rob"]
[Result "1-0"]
[WhiteElo "2464"]
[BlackElo "2275"]
[Annotator "TA"]
[PlyCount "77"]
[EventDate "2018.??.??"]
[EventType "swiss"]
[EventCountry "ESP"]
[SourceTitle "playchess.com"]
[Source "ChessBase"]
[SourceQuality "1"]

{[%evp 9,77,38,39,37,37,40,39,32,43,16,16,0,43,21,36,33,33,31,8,12,22,0,65,0,0,0,0,0,0,0,0,0,4,0,0,0,0,0,0,0,0,-26,0,0,0,0,49,-79,0,-89,-8,-8,-15,-52,293,262,406,391,343,348,411,410,489,475,438,275,29994,29995,29995,29996]} 1. Nf3 Nf6 2. d4 {[%cal Bd2d4,Bd4e5][%mdl 32]} g6 3. Nc3 d6 4. e4 c6 5. Bd3 (5. h3 Bg7 6. Be3 O-O 7. a4 Nbd7 8. Qd2 e5 9. dxe5 dxe5 10. a5 Qe7 11. Bd3 Nc5 12. O-O Nh5 13. Rfd1 Ne6 14. Bf1 Nhf4 15. Kh2 Rd8 16. Qe1 Nd4 17. Nxd4 exd4 18. Bxf4 dxc3 19. Rxd8+ Qxd8 20. bxc3 {1-0 (48) Carlsen,M (2851)-Petrosian,T (2611) chess.com INT 2016}) 5... Qc7 6. e5 $146 {B08: Pirc Defence: Classical System} ({Find the theoretical novelty and annotate with similar games:} 6. Bf4 Nh5 7. Bg5 Bg7 8. Qd2 Bg4 9. Be2 h6 10. Be3 Nd7 11. h3 Bxf3 12. Bxf3 Nhf6 {½-½ (68) Pruijssers,R (2310)-Gulbas,C (2394) Netherlands 2005}) 6... dxe5 7. dxe5 Nd5 8. Nxd5 {White is slightly better.} cxd5 9. c3 Nc6 10. Bb5 e6 11. h4 h6 12. Bf4 Bg7 13. Qd2 a6 14. Bxc6+ bxc6 15. c4 a5 ({Black should try} 15... dxc4 $11 16. Rc1 Bb7) 16. Rc1 (16. cxd5 $1 $14 exd5 17. Rc1) 16... dxc4 $11 17. O-O Ba6 18. Rfd1 Rd8 19. Qe3 Rd5 20. b3 Qd7 21. Rxd5 cxd5 22. Qc5 Qb5 23. Qd6 {Black must now prevent Nd4.} Qb7 (23... Bf8 $5 24. Qc7 $8 Bb4 $11) 24. Qc5 $1 Qb5 25. Qe3 Qb7 26. bxc4 Bxc4 27. Nd2 Qc7 28. Rc3 (28. Qa3 $14 {keeps the upper hand.}) 28... h5 (28... O-O $17 29. Nxc4 dxc4) 29. Nf3 (29. Nxc4 $11 dxc4 30. Qe4) 29... Bf8 (29... a4 $17 30. Nd2 O-O 31. Nxc4 dxc4) 30. Bg5 $1 Qc5 {Hoping for ...Qxe3.} 31. Qf4 Be7 $2 {[%mdl 8192]} (31... Bg7 $15) 32. Bf6 $1 $18 {[%cal Rf6h8]} Rf8 (32... Rg8 $142 33. a3 Qc7) 33. Nd2 $1 {[%cal Rd2c4,Bf3d2,Bd2e4,Be4d6][%mdl 32]} Qb4 {[#]} 34. Rc1 $1 Ba6 {[#]} 35. Qe3 $1 d4 36. Qf3 {White threatens Rc7 and mate.} ({Stronger than} 36. Bxe7 dxe3 37. Bxb4 exf2+ 38. Kxf2 axb4 $11) 36... Bb7 37. Ne4 {Rc7 is the strong threat.} Qa3 $2 {[#]} (37... Kd7 $18 38. a3 (38. Bxe7 Kxe7 39. Qf6+ Kd7 $16) 38... Qb2) 38. Nd6+ $1 {[%mdl 512]} Bxd6 {[#]} 39. Rc8+ $1 {[%mdl 512] Precision: White = 58%, Black = 40%.} 1-0

[Event "XLIII Sevilla Open 2018"]
[Site "Sevilla"]
[Date "2018.01.20"]
[Round "9"]
[White "Swayams, Mishra"]
[Black "Saric, Ante"]
[Result "1/2-1/2"]
[WhiteElo "2432"]
[BlackElo "2537"]
[Annotator "TA"]
[PlyCount "62"]
[EventDate "2018.??.??"]
[EventType "swiss"]
[EventCountry "ESP"]
[SourceTitle "playchess.com"]
[Source "ChessBase"]
[SourceQuality "1"]

{[%evp 25,62,27,33,3,4,0,0,0,0,0,0,0,0,0,0,0,0,0,1,2,12,10,17,5,6,0,0,0,0,0,0,0,0,0,0,0,0,0,0]} 1. d4 Nf6 2. c4 e6 3. Nc3 d5 4. Nf3 c5 5. cxd5 Nxd5 6. e4 Nxc3 7. bxc3 cxd4 8. cxd4 Bb4+ 9. Bd2 Bxd2+ 10. Qxd2 O-O 11. Bc4 Nd7 12. O-O b6 13. Rfe1 Bb7 14. d5 {D41: Queen's Gambit Declined: Semi-Tarrasch with 5 cxd5} (14. a4 Nf6 15. Bd3 h6 16. h3 Qe7 17. a5 bxa5 18. Rxa5 Rfc8 19. Qb2 Qc7 20. Qb4 Qc3 21. Qxc3 Rxc3 {½-½ (45) Nepomniachtchi,I (2729)-Kryvoruchko,Y (2689) Riadh 2017}) 14... exd5 {The position is equal.} 15. Bxd5 Nc5 16. Bxb7 $146 ({Predecessor:} 16. Rad1 Re8 17. Ng5 Bxd5 18. exd5 Qd6 19. Qd4 Rad8 20. Ne4 Qe5 21. Qxe5 Rxe5 22. Nxc5 {½-½ (22) Seliverstov,V (2455)-Sychev,K (2445) Moscow 2016}) 16... Qxd2 17. Nxd2 Nxb7 18. Nb3 Rfd8 19. Rac1 Rac8 20. f3 g6 21. Kf2 Nc5 22. Nxc5 bxc5 $11 {[%mdl 4096] Endgame KRR-KRR} 23. Re2 Rd4 24. Rec2 Ra4 25. Rxc5 (25. Rd2 {with more complications.} c4 26. Rc3 Rc6 27. Kg3 Kf8 28. a3) 25... Rxc5 26. Rxc5 Rxa2+ {KR-KR} 27. Kg3 h5 28. h4 Kg7 29. e5 Kf8 30. Rc7 Re2 31. Rxa7 Rxe5 {Precision: White = 79%, Black = 84%.} 1/2-1/2

[Event "XLIII Sevilla Open 2018"]
[Site "Sevilla"]
[Date "2018.01.20"]
[Round "9"]
[White "Starostits, Ilmars"]
[Black "Callejas Rojas, Francisco Miguel"]
[Result "1-0"]
[WhiteElo "2431"]
[BlackElo "2127"]
[Annotator "TA"]
[PlyCount "53"]
[EventDate "2018.??.??"]
[EventType "swiss"]
[EventCountry "ESP"]
[SourceTitle "playchess.com"]
[Source "ChessBase"]
[SourceQuality "1"]

{[%evp 22,53,7,0,14,22,27,13,66,60,62,62,126,95,135,141,308,302,307,301,289,186,186,185,178,118,236,250,348,332,643,635,711,701]} 1. d4 Nf6 2. Nf3 e6 3. e3 c5 4. Bd3 b6 5. O-O Bb7 6. b3 Be7 7. Bb2 O-O 8. c4 cxd4 9. exd4 d5 10. Nbd2 Nc6 11. Rc1 Rc8 12. Re1 Rc7 {E14: Queen's Indian: Classical Variation (4 e3)} (12... Re8 13. a3 Bf8 14. c5 a5 15. Bc3 bxc5 16. dxc5 d4 17. Bb2 e5 18. Ng5 Rc7 19. Bc4 h6 20. Nge4 Bc8 21. Nxf6+ Qxf6 {½-½ (146) Nisipeanu,L (2674)-Kramnik,V (2812) Dortmund 2016}) 13. a3 dxc4 14. bxc4 h6 $146 (14... Rd7 $11) ({Predecessor:} 14... Rd7 15. Qc2 Bd6 16. Ne4 Nxe4 17. Bxe4 f5 {0-1 (28) Kukula,P (2261)-Socko,M (2457) Warsaw 2009}) 15. Bb1 $14 Na5 16. Ne5 Qa8 (16... Qc8 $14) 17. Re3 Bxg2 18. d5 $1 Nxd5 $2 (18... Bxd5 $16 19. cxd5 Rxc1 20. Qxc1 Rc8) 19. cxd5 $18 Rxc1 20. Qxc1 Bxd5 21. Qc2 {[%csl Gb1][%cal Rc2h7]} f5 22. Ng6 {[%cal Be5g6,Bg6f4,Bf4d5][%mdl 32]} Bc5 23. Qc3 $40 {[%mdl 128] White wants a kill.} (23. Rg3 $18 Rf7 24. Nf4) 23... Rf6 (23... Qb7 $16) 24. Rg3 {Strongly threatening Nf4.} Nc6 {[#]} 25. Nf3 $1 {Hoping for Nf4.} Bd6 $2 {[#]} (25... Qd8 26. Nf4 Kf8) 26. Nf4 $1 {[%mdl 512] White threatens Qxf6 and mate.} Qd8 (26... Bxf4 27. Qxf6) 27. Nxd5 {Precision: White = 70%, Black = 16%.} 1-0

[Event "XLIII Sevilla Open 2018"]
[Site "Sevilla"]
[Date "2018.01.20"]
[Round "9"]
[White "Vega Gutierrez, Sabrina"]
[Black "Vasquez Schroeder, Rodrigo"]
[Result "0-1"]
[WhiteElo "2427"]
[BlackElo "2554"]
[Annotator "TA"]
[PlyCount "96"]
[EventDate "2018.??.??"]
[EventType "swiss"]
[EventCountry "ESP"]
[SourceTitle "playchess.com"]
[Source "ChessBase"]
[SourceQuality "1"]

{[%evp 19,96,22,18,-12,22,15,43,15,8,13,19,11,11,10,5,-8,0,0,0,-3,-8,-33,-26,-35,-43,-55,-55,-143,-150,-145,-145,-186,-176,-191,-170,-193,-174,-185,-8,-15,-8,-8,-8,-71,57,18,121,-32,-37,-201,-26,-135,-139,-122,-127,-126,-2,-31,-41,-416,-358,-597,-573,-775,-735,-756,-756,-756,-749,-12792,-63,-5585,-5314,-29977,-29978,-29977,-29978,-29995,-29996]} 1. e4 e5 2. Nf3 Nc6 3. Bc4 Bc5 4. c3 Nf6 5. d3 {[%cal Bd2d3,Bd3d4][%mdl 32]} a6 6. O-O Ba7 7. Re1 {C54: Giuoco Piano: 4 c3 Nf6, main lines with 5 d4 and 5 d3} d6 8. a4 Ne7 (8... h6 9. Nbd2 g5 10. b4 Nh5 11. Nb3 g4 12. b5 gxf3 13. Qxf3 Qf6 14. Qxf6 Nxf6 15. bxc6 bxc6 {½-½ (30) Karjakin,S (2760)-Carlsen,M (2837) London 2017}) 9. d4 Ng6 10. h3 O-O {LiveBook: 23 Games} 11. Be3 h6 $146 ({Find the theoretical novelty and annotate with similar games:} 11... exd4 12. Bxd4 c5 13. Be3 Nxe4 14. Nbd2 Nf6 {1-0 (33) Bellaiche,E (2063)-Steil Antoni,F (2155) Mulhouse 2017}) 12. Nbd2 Re8 13. Bf1 exd4 14. Bxd4 Bd7 15. Bxa7 Rxa7 16. Qc2 Ra8 17. Re3 b5 18. axb5 axb5 19. Rxa8 Qxa8 20. Nd4 Qb7 21. b4 c5 22. N4b3 c4 23. Na5 (23. Nd4 $15) 23... Qc7 $17 24. Nf3 d5 {[%cal Rd5e4]} 25. exd5 Rxe3 ({Worse is} 25... Nxd5 26. Rxe8+ Bxe8 27. g3 $11) 26. fxe3 Nxd5 27. Qd2 Nf6 $1 28. Qd4 Qg3 $2 (28... Be6 $19 29. Kf2 Bd5) 29. Nb7 $11 Bxh3 30. Qd6 Qg4 31. Nc5 (31. Qd4 $11 {remains equal.}) 31... Qh5 (31... Qf5 $1 $17 {And now ...Bg4 would win.} 32. Qg3 Bg4) 32. Qb8+ Kh7 (32... Nf8 $1 $11) 33. Qxb5 $2 (33. Qh2 $1 $16) 33... Bg4 $15 34. Nh2 $2 (34. Qb7 $15) 34... Be2 $2 ({Black should try} 34... Ne5 $19 {White must now prevent ...Qg5.} 35. Qa6 Qg5) 35. Qb7 (35. Qa6 $11) 35... Ne5 $17 36. Bxe2 Qxe2 37. Nf1 {[#]} Qe1 (37... Qc2 $1 $17 {[%cal Rc2c3]} 38. b5 Qxc3) 38. Ne4 $1 $11 Nfg4 $40 {[%mdl 128] aiming for ...f5. Black mounts an attack.} 39. Neg3 $2 {[%mdl 8192]} (39. Ned2 $1 $15) 39... Qxc3 {...Qb2 is the strong threat.} 40. b5 $2 (40. Qe4+ g6 41. Qb1) 40... Qb2 $19 41. b6 c3 {[%cal Bc4c3,Bc3c2][%mdl 32] Threatens to win with ...c2.} 42. Qe4+ g6 {Strongly threatening ...c2.} 43. b7 {[#]} h5 $1 {[%mdl 512]} 44. Qd4 (44. Nxh5 Qf2+) 44... Qf2+ 45. Kh1 {[#]} c2 $1 {[%cal Rc2c1]} 46. Qc3 h4 {Black mates.} 47. b8=Q hxg3 48. Nxg3 Qxg3 {Precision: White = 24%, Black = 47%.} 0-1

[Event "XLIII Sevilla Open 2018"]
[Site "Sevilla"]
[Date "2018.01.20"]
[Round "9"]
[White "Campora, Daniel H."]
[Black "Santos Latasa, Jaime"]
[Result "1/2-1/2"]
[WhiteElo "2417"]
[BlackElo "2546"]
[Annotator "TA"]
[PlyCount "67"]
[EventDate "2018.??.??"]
[EventType "swiss"]
[EventCountry "ESP"]
[SourceTitle "playchess.com"]
[Source "ChessBase"]
[SourceQuality "1"]

{[%evp 15,67,0,10,-7,0,0,0,0,8,5,23,-9,-5,-28,-22,-27,7,0,0,0,0,0,0,0,0,0,0,0,0,0,0,-7,-6,-15,0,0,27,18,18,10,17,0,0,0,33,33,41,41,42,42,42,42,49,0]} 1. Nf3 c5 2. g3 Nc6 3. Bg2 g6 4. O-O Bg7 5. c4 d6 6. Nc3 Bf5 7. d3 {A37: Symmetrical English vs ...g6: 4 Bg2 Bg7 5 Nf3} (7. h3 Qc8 8. Kh2 Nf6 9. d3 O-O 10. e4 Bd7 11. Be3 a6 12. Rc1 Rb8 13. Nd5 Qd8 14. b3 e6 {0-1 (31) Svidler,P (2765)-Dubov,D (2683) St Petersburg 2017}) 7... Qd7 8. Nd5 Rc8 {LiveBook: 12 Games} 9. Re1 {The position is equal.} Nf6 10. Bd2 O-O $146 ({Predecessor:} 10... Nxd5 11. cxd5 Nd4 12. Nxd4 Bxd4 13. Bc3 h5 14. h4 Bxc3 15. bxc3 {½-½ (37) Stone,A (2209)-Kuzmicz,K (2486) Vienna 2015}) 11. Bc3 Nxd5 12. cxd5 Nd4 13. Rc1 Bg4 14. Nxd4 cxd4 15. Bd2 Qb5 16. h3 Bd7 17. Rxc8 Rxc8 18. Qb1 Qa4 19. b3 Qa3 20. Rc1 Rxc1+ 21. Bxc1 Qb4 {[#] And now ...Qe1+ would win.} 22. Kf1 Qc3 23. Bb2 Qc8 24. h4 $1 Bh3 25. Qc1 Bxg2+ 26. Kxg2 Qc5 27. Qxc5 dxc5 $11 {[%mdl 4096] Endgame KB-KB} 28. f4 f5 29. Kf3 b6 30. e4 {White is slightly better.} dxe3 31. Be5 Bxe5 32. fxe5 h6 33. Kxe3 g5 34. h5 {Precision: White = 58%, Black = 49%.} 1/2-1/2

[Event "XLIII Sevilla Open 2018"]
[Site "Sevilla"]
[Date "2018.01.20"]
[Round "9"]
[White "Martinez Martin, David"]
[Black "Kveinys, Aloyzas"]
[Result "1-0"]
[WhiteElo "2399"]
[BlackElo "2547"]
[Annotator "TA"]
[PlyCount "39"]
[EventDate "2018.??.??"]
[EventType "swiss"]
[EventCountry "ESP"]
[SourceTitle "playchess.com"]
[Source "ChessBase"]
[SourceQuality "1"]

{[%evp 23,39,31,112,55,116,110,403,401,417,421,621,626,637,634,782,536,550,543]} 1. e4 c5 2. Nf3 e6 3. d4 cxd4 4. Nxd4 a6 5. Be2 Nf6 6. Nc3 Qc7 7. O-O Nc6 8. Be3 Bb4 9. Nxc6 bxc6 10. Qd4 Bd6 {B49: Sizilianisch (Paulsen-Variante)} (10... c5 11. Qc4 O-O 12. Na4 d6 13. a3 Bd7 14. e5 Bb5 15. Qh4 dxe5 16. axb4 Bxe2 17. Rfe1 Bb5 18. Nxc5 Nd7 19. c4 {1-0 (31) Wei,Y (2725)-Karthikeyan,M (2578) Liaocheng 2017}) 11. f4 e5 12. Qd2 exf4 {LiveBook: 5 Partien} (12... O-O $14) 13. Rad1 ({Besser ist} 13. Bxf4 $16 Bxf4 14. Rxf4 (14. Qxf4 Qxf4 15. Rxf4 d6 $14)) 13... Be5 (13... O-O $14) 14. Bxf4 $16 d6 $146 {[%mdl 8192]} (14... O-O $16 {war nötig.}) ({Vorgänger:} 14... O-O 15. Bxe5 Qxe5 16. Rf5 {1-0 (42) Loskutov,O (2447)-Shelk,A (2311) Novosibirsk 2002}) 15. Bxe5 $18 dxe5 {[#]} 16. Qg5 $1 {[%cal Rg5g7]} Kf8 (16... O-O $142 17. Rxf6 Qe7) 17. Rxf6 $1 Qe7 18. Rg6 {Td8+ ist eine echte Drohung.} ({Schwächer ist} 18. Rf5 Bxf5 19. Qxf5 g6 $18) 18... f6 19. Qh4 h5 20. g4 1-0

[Event "XLIII Sevilla Open 2018"]
[Site "Sevilla"]
[Date "2018.01.20"]
[Round "9"]
[White "Pogorelov, Ruslan"]
[Black "Aroshidze, Levan"]
[Result "1-0"]
[WhiteElo "2358"]
[BlackElo "2516"]
[Annotator "TA"]
[PlyCount "129"]
[EventDate "2018.??.??"]
[EventType "swiss"]
[EventCountry "ESP"]
[SourceTitle "playchess.com"]
[Source "ChessBase"]
[SourceQuality "1"]

{[%evp 28,129,40,19,50,0,0,0,0,0,0,-15,28,36,56,52,85,85,77,0,-6,-11,-7,0,10,0,0,0,0,-42,0,0,18,21,14,0,0,0,0,0,0,0,0,0,0,0,0,0,0,0,0,0,0,0,0,0,12,14,133,132,120,113,677,305,384,442,433,427,419,416,2444,364,5181,409,1172,593,585,570,12837,6223,12833,7839,6103,6102,6087,5214,2380,2217,6245,5302,2289,2084,29987,29976,29969,29964,2328,963,6522,29962,6255,6095,5197,5097]} 1. Nf3 c5 2. c4 Nf6 3. Nc3 b6 4. g3 Bb7 5. Bg2 e6 6. O-O Be7 7. d4 cxd4 8. Qxd4 d6 9. Rd1 a6 10. Bg5 Nbd7 11. Qd2 O-O 12. Bf4 Ne8 13. Rac1 Rc8 14. b3 h6 {A30: Symmetrical English: Double Fianchetto and Hedgehog} 15. g4 {LiveBook: 3 Games} (15. e4 Qc7 16. Qe2 Qb8 17. Be3 Nef6 18. Nd2 Rfe8 19. f4 Qa8 20. h3 Bf8 21. Bf2 Bc6 22. b4 {½-½ (32) Grischuk,A (2795)-Perunovic,M (2602) Tromsoe 2014}) 15... Qc7 {[#]} 16. g5 $146 ({Predecessor:} 16. Qe3 Qb8 17. g5 hxg5 18. Nxg5 Bxg2 19. Kxg2 Qb7+ 20. Kg1 Ndf6 21. Qh3 Rc5 22. Nce4 Rf5 23. Be3 g6 24. Qh6 Ra5 25. c5 Rxc5 26. Bxc5 bxc5 27. Rc3 {1-0 (27) Yilmaz,M (2570)-Soltanici,R (2384) Iasi 2015}) 16... hxg5 {The position is equal.} 17. Nxg5 Bxg2 18. Kxg2 Ne5 19. f3 Nf6 20. Kh1 Rfd8 21. Rg1 Bf8 22. Qe1 Qe7 23. Bxe5 (23. Nge4 $16) 23... dxe5 $11 24. Qh4 g6 $1 25. Nce4 {White threatens Nxf6+ and mate.} Bg7 26. Nxf6+ Qxf6 27. Rg4 Rd4 28. Qh7+ Kf8 {...Rxg4 is the strong threat.} 29. Ne4 Qf5 30. Rcg1 Rcd8 31. Ng3 Qf6 32. Nh5 gxh5 33. Rxg7 Rd1 34. Rg8+ Ke7 35. Rxd8 Rxd8 {[%mdl 4096] Endgame KQR-KQR} 36. Qe4 Qf4 {aiming for ...Qxe4.} 37. Qb7+ Kf6 {With the idea ...Qe3.} 38. Qxb6 (38. Qxa6 Qe3 $15) 38... Rd2 39. Qf2 Rxa2 40. c5 Rc2 41. Ra1 h4 42. Ra4 Rc1+ (42... Qc1+ $11 {keeps the balance.} 43. Kg2 Rxc5) 43. Kg2 $16 Qg5+ 44. Rg4 Qh5 $2 {[%mdl 8192]} (44... Qh6 $16) 45. Rxh4 (45. Qe3 $142 Rd1 46. c6) 45... Qg6+ {[#]} 46. Rg4 $1 Qh6 47. f4 Ke7 48. fxe5 Rc3 (48... Qh8 $142 49. Qe3 Qa8+ 50. Kh3 Rd1) 49. Rg3 $2 (49. Qd4 Qh3+ 50. Kf2 Qxh2+ 51. Rg2) 49... Rc2 $2 (49... Qd2 50. Qf6+ Kf8) 50. Qf3 (50. Rg8 $142 f6 51. exf6+ Kf7 52. Rg7+ Kf8 53. Qf3 Rxe2+ 54. Qxe2 Qxf6 55. Rg3) 50... Rd2 (50... Qd2 $142 51. Qf6+ Kf8 52. Qh8+ Ke7 53. Qh4+ Kf8 54. Qh8+ Ke7 55. Qh4+ Kf8) 51. Qb7+ Rd7 52. Qe4 Rd5 {and the idea ...Qh5 leaves Black hopeful.} 53. c6 a5 54. c7 Qh8 55. Qc4 Qc8 56. Qc6 Rxe5 57. Rd3 {Threatening mate with Qd6+.} Qg8+ 58. Kf2 {Qd7+ would kill now.} Rf5+ 59. Rf3 Rg5 60. c8=N+ Kf8 61. Qd6+ Kg7 62. Ne7 Qh8 63. Qf4 Qh5 {[#]} 64. Qxg5+ $3 {[%mdl 512]} Qxg5 65. Rg3 {Precision: White = 57%, Black = 34%.} 1-0